000
00307nam a22001457a 4500
008
210301b ||||| |||| 00| 0 eng d
020
_a
0495386936
041
_a
eng
080
_2
8th
_a
53
082
_a
53
100
_a
43
101
_a
FIZ
245
_a
College Physics
_c
Serway, R. A
942
_2
udc
_c
BK
999
_c
55348
_d
55348